Neurociencias, espiritualidades y religiones

Spremljeno u:
Bibliografski detalji
Glavni autor: Nogués, Ramón María (autor)
Format: Knjiga
Jezik:španjolski
Izdano: Madrid Publicaciones de la Universidad Pontificia Comillas 2016
Santander Editorial Sal Terrae 2016
Izdanje:1a. ed
Serija:Colección Ciencia y Religión, 6
Teme:
Oznake: Dodaj oznaku
Bez oznaka, Budi prvi tko označuje ovaj zapis!

MARC

LEADER 00000cam a2200000 a 4500
001 UCC1215
003 CL-VaPUC
008 171006e20160000sp |||||||||||||||||spa|d
020 |a 9788484686101 
020 |a 9788429325317 
082 0 4 |a 248.894  |b NOG  |2 21 
100 |a Nogués, Ramón María  |e autor  |9 595261 
245 1 0 |a Neurociencias, espiritualidades y religiones 
250 |a 1a. ed 
300 |a 190 p 
942 |c BK 
945 |d 20171006 11:09:00  |a arojas 
260 |a Madrid  |b Publicaciones de la Universidad Pontificia Comillas  |c 2016 
260 |a Santander  |b Editorial Sal Terrae  |c 2016 
650 0 |a Misticismo  |9 265505 
650 0 |a Espiritualidad   |9 267331 
650 0 |a Experiencia religiosa  |9 315549 
650 0 |a Religiones  |9 265211 
650 0 |a Neurociencias  |9 424346 
583 |a last modification  |c 20171006 11:09:00  |k Rodrigo Vera 
490 0 |a Colección Ciencia y Religión, 6 
999 |c 369783  |d 369781 
952 |0 0  |1 0  |3 erb  |4 0  |6 248_894000000000000_NOG_2016_2016  |7 0  |8 A  |9 485877  |a BIBTEO  |b BIBTEO  |i 5427495  |l 14  |m 17  |o 248.894 NOG 2016 2016  |p 5427495  |q 2024-07-31  |r 2023-04-04  |s 2023-04-04  |w 2019-11-24  |y BK  |z Catalogado en:20171006  |k ICR